Quizzes
Events
Quiz Creation
Community
Videos
Private Events
Remove Ads
Sign In
Join for FREE
Feedback
Dark Mode
Quiz Categories
Sports
Geography
Music
Movies
Television
Just For Fun
Miscellaneous
History
Literature
Language
Science
Gaming
Entertainment
Religion
Holiday
For Kids
Quiz Lab
Recent
Popular Today
Quiz Kudos Today
Editor Picks
Curator Picks
Quizzes by...
Day
Popularity
Type
Ratings
Length
Year
Community
Subscriptions
Recent Discussions
Orange Saloon
Badges
Playlists
Quests
Create
Leaderboards
Showdown
Live 5
Trivia Bingo
Activity
Puzzle Library
Sporcle Events
Private Events
Virtual Trivia
Globe League
Become a Host
Pub Owners
SporcleCon
Opinionation
Our Games
Videos
Blog
Mobile Apps
Partnerships
Remove Ads and Go Orange
Feedback
Gaming
Video Games
Board Games
Card Games
Pokémon
Mario
Nintendo
Minecraft
Console
Toys
Legend of Zelda
Gaming
Video Games
Board Games
Card Games
Pokémon
Mario
Nintendo
Minecraft
Console
Toys
Legend of Zelda
Random Quiz
Search Sporcle
×
Quiz Lab
Quiz Lab
Gaming
combat
Type in answers that appear in a list
Type in answers that appear in a list
Classic
Best Score? Go Orange.
Oblivion skills Stats
Can you name the Oblivion skills?
By
ryanbenoit
4m
21 Questions
207 Plays
207 Plays
207 Plays
Comments
Comments
Give Quiz Kudos
Give Quiz Kudos
-
- Ratings
hide this ad
Replay
Link that replays current quiz
Next Quiz
Link to next quiz in quiz playlist
You Got
0%
They Got
Avg Score
79%
Avg Friend Score
Upgrade to see
Score Distribution
Jump to the score distribution portion of the page
Score
0/21
Timer
04:00
0
Plays Today
Governing attribute
% Correct
Strength
Blunt
92.8%
Strength
Blade
92.3%
Agility
Sneak
90.3%
Willpower
Destruction
89.9%
Speed
Acrobatics
84.5%
Intelligence
Conjuration
82.6%
Endurance
Heavy armor
82.6%
Speed
Light armor
82.1%
Personality
Illusion
81.6%
Endurance
Block
79.7%
Speed
Athletics
78.3%
Governing attribute
% Correct
Personality
Speechcraft
77.3%
Intelligence
Alchemy
76.8%
Willpower
Alteration
76.3%
Willpower
Restoration
75.4%
Personality
Mercantile
74.9%
Inteligence
Mysticism
74.4%
Agility
Marksman
72%
Strength
Hand to Hand
71%
Agility
Security
70%
Endurance
Armorer
60.4%
Quiz Playlist
Details
Report
Send in Message
Add To Playlist
Classic:
Type in answers that appear in a list
Last Updated: Feb 16, 2017
Quiz Scoreboard
CHALLENGE
Sign Up to Join the Scoreboard
Show All
Scores
Hide
Comments
May contain spoilers
Recently Published
An Introduction to Baseball
by treessimontrees
Sports
5m
Movies - When Are They Set?
by FPL_Elf
Movies
5m
Popular People in 1961
by mucciniale
History
6m
More to Explore
Quiz From the Vault
Featured Blog Post
Where Did the Easter Bunny Come From?
hide this ad
You Might Also Like...
Tags
attribute
combat
Governing
magic
Oblivion
skill
Today's Top Quizzes in Gaming
Browse Gaming
hide this ad
Today's Top Quizzes in combat
Browse combat
Top Contributed Quizzes in Gaming
1
Destiny 2 exotic weapons by perk icons
2
5-to-1: Consoles
3
Ultimate Genshin Impact Logic Puzzle (up to 4.3)
4
7-to-1: Board Game Piece Blitz
5
5-to-1: Legend of Zelda
6
Franchise by Action Figure
7
Who's on the WWE 2K24 Cover?
8
Windmill: Pokémon
9
Genshin Impact Logic Puzzle Quiz
10
Legendary or Exotic?
Explore More
Trending Topics
Crossword
Anime
Marvel
Kpop
NBA
Disney
Harry Potter
The Office
Country
Pokémon
Song
WWE
NFL
Soccer
Puzzle
hide this ad
More By:
ryanbenoit
Quiz
Plays
Rating
Category
Featured
Created
runescape mining
1,590
4.20
Gaming
Nov 12, 2009
Items you DONT need in a link to the past
566
1.27
Gaming
Dec 18, 2009
Pokemon gen 1 gym leaders
475
3.75
Gaming
Dec 4, 2009
The English Alphabet
365
2.00
Miscellaneous
Nov 12, 2009
Fable one and two spells
305
Gaming
Nov 12, 2009
Go to Creator's Profile
Score Distribution
Quiz Creator Spotlight
ryanbenoit
Follow
Send a Message
Quizzes Created
-
Created Quiz Play Count
-
More By This Creator
Popular Quizzes Today
1
Find the Countries of Europe - No Outlines Minefield
2
Find the US States - No Outlines Minefield
3
The Countries of the World
4
Popular People in 1961
5
US States
6
Find the US States
7
1-10 Letter E Words III
8
Risky Map Clicking: Biggest States A-Z
More Gaming Quizzes
DBZ Dokkan Battle: Shadow Dragon Saga Category
Quiz Lab
Trending Quizzes
Risky Map Clicking: Least Populous States A-Z
1-10 Letter F Words
1-10 Letter G Words
One Thing in Common: United Kingdom
Not Quite an Element Typing Challenge
Recently Updated
Leaping Animals
pecheneg
Reality TV Shows (A-Z)
bhenderson79
Rickey Henderson's Hall of Fame Teammates
pecheneg
Champions League XIs: Arsenal
pecheneg
Quick Pick: Celebrities in WWE's Hall of Fame
aduchscher
A-Z Keypad Blitz II
pecheneg
Multiple Oscar Actors
pecheneg
Mystery Phrase Blitz: Oscar 'Best Actors'
pecheneg
F. Scott Fitzgerald Novels
LTH
Pick 3 Villains
ddd62291
Trending Topics
Marvel
Harry Potter
NBA
Anime
Kpop
Crossword
Disney
Country
Puzzle
NFL
WWE
Song
Pokémon
The Office
Soccer
Your Account Isn't Verified!
In order to create a playlist on Sporcle, you need to verify the email address you used during registration. Go to your
Sporcle Settings
to finish the process.
Report this User
Report this user for behavior that violates our
Community Guidelines
.
Details:
Send Report
Go to the Sporcle.com Mobile Site →
Comments